Application programming for windows NT

Bibliographic Details
Main Author: Murray, William H
Other Authors: Pappas, Chris H
Format: Book
Published: California : Osborne McGraw-Hill , 1993
Subjects:

MARC

LEADER 00000cam a2200000 7i4500
001 0000009846
002 000010723
005 20000330.0
020 |a 0078819334 
090 0 0 |a 005.42   |b MUR 
100 1 |a Murray, William H 
245 1 0 |a Application programming for windows NT   |c William H.Murray and Chris H. Pappas 
260 |a California :   |b Osborne McGraw-Hill ,   |c 1993 
300 |a 680 p. ;   |c 24 cm. 
650 0 0 |a Windows NT (computer programs) 
700 1 |a Pappas, Chris H 
999 |a 053054   |b BUKU   |c PINJAMAN   |e PERPUSTAKAAN KOMUNITI PETALING JAYA 
999 |a 053059   |b BUKU   |c PINJAMAN   |e PERPUSTAKAAN KOMUNITI PETALING JAYA